[Event "38th Olympiad"]
[Site "Dresden GER"]
[Date "2008.11.15"]
[Round "3"]
[White "Ibarra Chami,L"]
[Black "Ghaem Maghami,E"]
[Result "0-1"]
[WhiteElo "2389"]
[BlackElo "2599"]
[EventDate "2008.11.13"]

1. e4 c5 2. Nf3 d6 3. d4 cxd4 4. Nxd4 Nf6 5. Nc3 a6 6. Bc4 e6 7. Bb3 b5 8.
O-O Be7 9. Qf3 Qb6 10. Be3 Qb7 11. Qg3 Nc6 12. f3 O-O 13. Nxc6 Qxc6 14. Bd4
Bb7 15. Bd5 Qd7 16. Bxb7 Qxb7 17. Ne2 Rfe8 18. Be3 b4 19. Rfd1 Rac8 20. Rd2
Rc4 21. Rad1 d5 22. e5 Nd7 23. Bd4 Qc7 24. c3 bxc3 25. bxc3 Rb8 26. Kh1 Qd8
27. f4 Nc5 28. Bxc5 Bxc5 29. Qd3 Qh4 30. g3 Qh3 31. Ng1 Qg4 32. h3 Qg6 33.
f5 Qxf5 34. Qxf5 exf5 35. Rxd5 Rxc3 36. Ne2 Re3 37. R1d2 Bf8 38. Nd4 Re8
39. Nxf5 R3xe5 40. Rxe5 Rxe5 41. Nd6 h5 42. Nc4 Rc5 43. Ne3 Rc3 44. Nf1 g6
45. Kg2 Bh6 46. Rf2 a5 47. Rf3 Rc4 48. Nh2 a4 49. Rf2 a3 50. g4 Bf4 51.
gxh5 Bxh2 52. Kxh2 gxh5 53. Rf3 Rc2+ 54. Kg3 Rxa2 55. Kh4 Ra1 56. Kxh5 a2
57. Rf2 Kg7 58. Rg2+ Kf6 59. Kg4 Ke5 60. Kg3 f5 0-1

[Event "38th Olympiad"]
[Site "Dresden GER"]
[Date "2008.11.15"]
[Round "3"]
[White "Moradiabadi,E"]
[Black "Espinosa Flores,R"]
[Result "1/2-1/2"]
[WhiteElo "2499"]
[BlackElo "2412"]
[EventDate "2008.11.13"]

1. Nf3 c5 2. c4 Nc6 3. g3 g6 4. Bg2 Bg7 5. O-O e5 6. Nc3 Nge7 7. a3 O-O 8.
Rb1 a5 9. d3 d6 10. Bg5 f6 11. Bd2 Be6 12. e4 Rb8 13. Nb5 h6 14. Re1 f5 15.
exf5 Bxf5 16. Be3 g5 17. Qc2 Nd4 18. Bxd4 exd4 19. Nd2 Nc6 20. Ne4 Be5 21.
Qd2 Bh7 22. Rf1 Kh8 23. Rbe1 Bg7 24. Nbxd6 Ne5 25. Nb5 b6 26. Qd1 g4 27. f4
gxf3 28. Bxf3 Nxf3+ 29. Rxf3 Qd7 30. Ned6 Rxf3 31. Qxf3 Rf8 32. Qe2 Bg6 33.
Ne4 h5 34. Qd2 Qg4 35. Nbd6 h4 36. Nf2 Qf3 37. Nde4 hxg3 38. hxg3 Rf5 39.
Qe2 Qxe2 40. Rxe2 Bh6 41. Ng4 Bc1 42. Rc2 Rf3 43. Rxc1 Bxe4 44. Ne5 Rxg3+
45. Kh2 Rg2+ 46. Kh3 Ba8 47. Rf1 Re2 48. Rf5 Kg7 49. Kh4 Rh2+ 50. Kg5 Rg2+
51. Kf4 Rf2+ 52. Kg5 Rg2+ 53. Kf4 1/2-1/2

[Event "38th Olympiad"]
[Site "Dresden GER"]
[Date "2008.11.15"]
[Round "3"]
[White "Gongora Montes,B"]
[Black "Mahjoob,M"]
[Result "0-1"]
[WhiteElo "2281"]
[BlackElo "2507"]
[EventDate "2008.11.13"]

1. d4 Nf6 2. c4 e6 3. Nc3 Bb4 4. Bg5 h6 5. Bxf6 Qxf6 6. e4 e5 7. d5 Qg6 8.
f3 Bxc3+ 9. bxc3 Na6 10. Qd2 Nc5 11. Ne2 d6 12. Nc1 f5 13. exf5 Bxf5 14.
Nb3 Nd3+ 15. Bxd3 Bxd3 16. c5 O-O 17. O-O-O Bb5 18. Rhe1 a5 19. Re4 a4 20.
Na1 Bd7 21. Nc2 Ra5 22. cxd6 cxd6 23. Rc4 Rc8 24. Rxc8+ Bxc8 25. Re1 Qf7
26. Nb4 Rc5 27. Kb2 Bd7 28. Re4 Bf5 29. Re3 Bg6 30. g3 Qf5 31. Ka3 Qd7 32.
Qe2 Qc7 33. Qd2 Bf7 34. Kb2 Qb6 35. a3 Rxd5 36. Qe2 Rc5 37. Qd1 Rd5 38. Qe2
Ra5 39. Re4 Bg6 40. Rc4 Qg1 41. Nc2 Rb5+ 42. Rb4 Rxb4+ 43. axb4 Kh7 44. Na3
d5 45. Nc2 d4 46. cxd4 exd4 47. Qd2 d3 48. Ne3 a3+ 0-1

[Event "38th Olympiad"]
[Site "Dresden GER"]
[Date "2008.11.15"]
[Round "3"]
[White "Ghane,S"]
[Black "Capo Vidal,U"]
[Result "0-1"]
[WhiteElo "2408"]
[BlackElo "2340"]
[EventDate "2008.11.13"]

1. d4 d5 2. c4 e6 3. Nc3 c6 4. e3 Nf6 5. Bd3 Nbd7 6. f4 dxc4 7. Bxc4 b5 8.
Bb3 Bb7 9. Nf3 a6 10. O-O c5 11. Ne5 Qb6 12. Nxd7 Nxd7 13. f5 e5 14. dxc5
Nxc5 15. Bc2 Rd8 16. Qh5 b4 17. Ne2 Qc6 18. Qh3 Be7 19. Ng3 h5 20. Bd1 h4
21. Bf3 e4 22. Be2 Bf6 23. Nh5 Nd3 24. Nxf6+ Qxf6 25. Rb1 Rh6 26. Bd1 Qg5
27. Ba4+ Bc6 28. Bb3 Rhd6 29. Bd2 a5 30. Be1 Nxe1 31. Rbxe1 Rd2 32. Rf4
Rxb2 33. Rg4 Qf6 34. Rf1 Rdd2 35. Bc4 a4 36. Kh1 b3 37. axb3 a3 38. b4 a2
39. Bxa2 Rxa2 40. b5 Rf2 41. Rg1 Ra1 42. g3 Bxb5 43. gxh4 Be2 44. Rxe4+ Kf8
45. Rc1 Rxc1+ 0-1

[Event "38th Olympiad"]
[Site "Dresden GER"]
[Date "2008.11.15"]
[Round "3"]
[White "Djukic,Ni"]
[Black "Simutowe,A"]
[Result "1/2-1/2"]
[WhiteElo "2519"]
[BlackElo "2462"]
[EventDate "2008.11.13"]

1. e4 e6 2. d4 d5 3. Nc3 dxe4 4. Nxe4 Bd7 5. Nf3 Bc6 6. Bd3 Nf6 7. Ned2
Nbd7 8. O-O Be7 9. Re1 O-O 10. a4 b6 11. a5 b5 12. a6 Rb8 13. Nb3 Bd5 14.
Qe2 c6 15. Bf4 Rb6 16. Nbd2 Nb8 17. Ne5 Rxa6 18. Rxa6 Nxa6 19. b3 c5 20.
Bxb5 Nb8 21. dxc5 Bxc5 22. Bd3 Nc6 23. Ndf3 Nb4 24. Be3 Qc7 25. Bxc5 Qxc5
26. Qe3 Qxe3 27. Rxe3 Rc8 28. Nd4 Nxd3 29. Rxd3 Be4 30. Rd2 a6 31. c4 Bb7
32. f3 g5 33. b4 a5 34. b5 Kg7 35. Ndc6 a4 36. Na5 Ba8 37. Ra2 Rc5 38. Nd3
Rc8 39. Rxa4 Nd7 40. c5 Bd5 41. c6 Nb6 42. Ra3 Ra8 43. Nb4 Kf6 44. Na6 h5
45. Kf2 g4 46. Nb7 gxf3 47. gxf3 Ke7 48. Nbc5 Bc4 49. Ra5 Nd5 50. Ke1 h4
51. Kd2 h3 52. f4 Rg8 53. c7 Rg2+ 54. Kc1 Rg1+ 55. Kd2 Rg2+ 56. Ke1 Ne3
1/2-1/2

[Event "38th Olympiad"]
[Site "Dresden GER"]
[Date "2008.11.15"]
[Round "3"]
[White "Blagojevic,Dr"]
[Black "Jere,D"]
[Result "1-0"]
[WhiteElo "2522"]
[BlackElo "2240"]
[EventDate "2008.11.13"]

1. d4 Nf6 2. c4 g6 3. Nf3 Bg7 4. g3 d6 5. Bg2 O-O 6. O-O c5 7. b3 Nc6 8.
Bb2 a6 9. Nc3 Rb8 10. dxc5 dxc5 11. Na4 Nd7 12. Bxg7 Kxg7 13. Qd2 Qc7 14.
Rfd1 Rd8 15. Qb2+ Kg8 16. Nc3 Nf6 17. Nd5 Nxd5 18. cxd5 Na7 19. Rac1 Nb5
20. a4 Nd6 21. Qa3 b6 22. Ne5 Bd7 23. a5 f6 24. axb6 Qxb6 25. Nc6 Nb5 26.
Qxc5 Qxc5 27. Rxc5 Bxc6 28. Rxc6 Rd6 29. e3 Kf8 30. h4 Rb7 31. Bf1 Nc7 32.
Rc5 Ke8 33. e4 Kd8 34. Rdc1 e6 35. dxe6 Nxe6 36. Rc8+ Ke7 37. Rh8 Rdb6 38.
Bxa6 Rb8 39. Rxh7+ Kd6 40. Bc4 Nc5 41. Rd1+ Kc6 42. Rf7 Nxb3 43. Rxf6+ Kc5
44. Rxb6 Rxb6 45. Bxb3 Rxb3 46. Rd5+ Kc4 47. Rd6 1-0

[Event "38th Olympiad"]
[Site "Dresden GER"]
[Date "2008.11.15"]
[Round "3"]
[White "Smerdon,D"]
[Black "Van Tilbury,C"]
[Result "1-0"]
[WhiteElo "2470"]
[BlackElo "2280"]
[EventDate "2008.11.13"]

1. e4 c5 2. Nf3 Nc6 3. c3 e6 4. d4 d5 5. exd5 exd5 6. Bb5 Nf6 7. O-O Be7 8.
dxc5 Bxc5 9. Bg5 O-O 10. Bxf6 gxf6 11. Nbd2 Ne5 12. Nb3 Bb6 13. Re1 Bg4 14.
Be2 Be6 15. Qd2 Kh8 16. Nbd4 Rg8 17. Nh4 Qf8 18. g3 Qg7 19. Kh1 Ng4 20. Qf4
Qh6 21. Qxh6 Nxh6 22. Rad1 Rad8 23. Kg2 a6 24. h3 Rd6 25. Kh2 Rgd8 26. Bf3
Kg7 27. Rd2 f5 28. Ng2 Kf6 29. Nf4 Ng8 30. Ndxe6 fxe6 31. Rde2 e5 32. Rxe5
Bxf2 33. R1e2 Ba7 34. Bxd5 1-0

[Event "38th Olympiad"]
[Site "Dresden GER"]
[Date "2008.11.15"]
[Round "3"]
[White "Hook,W"]
[Black "Solomon,SJ"]
[Result "0-1"]
[WhiteElo "2035"]
[BlackElo "2470"]
[EventDate "2008.11.13"]

1. d4 Nf6 2. c4 e5 3. dxe5 Ng4 4. Nf3 Nc6 5. Bf4 Bb4+ 6. Nc3 Qe7 7. Rc1 O-O
8. Qd5 Re8 9. a3 Bc5 10. e3 Ncxe5 11. Nxe5 c6 12. Qxf7+ Qxf7 13. Nxf7 Kxf7
14. Be2 Nf6 15. Bf3 b6 16. Nb5 cxb5 17. Bxa8 bxc4 18. Bf3 d5 19. O-O h6 20.
Rfd1 g5 21. Bg3 Ke6 22. h3 h5 23. h4 g4 24. Be2 Ne4 25. Bf4 Rf8 26. Kf1
Nxf2 27. Rxd5 Kxd5 28. Bxc4+ Kc6 29. b4 Bxe3 30. Bxe3 Nd3+ 31. Ke2 Nxc1+
32. Bxc1 b5 33. Bb3 g3 34. Be3 Bg4+ 35. Kd3 Re8 36. Kd4 Be6 37. Bxe6 Rxe6
38. Bf4 Re2 39. Bxg3 Rxg2 40. Be1 Ra2 41. Ke3 Kd5 42. Kf4 Kc4 43. Kg5 Re2
44. Bg3 Rg2 45. Kf4 Kb3 46. Kf3 Rxg3+ 0-1

[Event "38th Olympiad"]
[Site "Dresden GER"]
[Date "2008.11.15"]
[Round "3"]
[White "Johansen,D"]
[Black "Lettsome,M"]
[Result "0-1"]
[WhiteElo "2446"]
[BlackElo "1812"]
[EventDate "2008.11.13"]

1. e4 c5 2. Nc3 d6 3. Nge2 Nf6 4. d4 cxd4 5. Nxd4 a6 6. Be2 g6 7. O-O Bg7
8. Re1 O-O 9. a4 Bd7 10. Bf1 Nc6 11. Nb3 Re8 12. a5 b6 13. axb6 Qxb6 14.
Nd5 Nxd5 15. exd5 Ne5 16. h3 Bb5 17. Na5 Bxf1 18. Rxf1 Qb5 19. Ra2 Rec8 20.
b3 Qd7 21. f4 Qa7+ 22. Kh1 Nd7 23. Nc6 Rxc6 24. dxc6 Nf6 25. Qf3 Qc7 26. c4
e6 27. Bb2 Ne8 28. Rfa1 Qb6 29. Bxg7 Kxg7 30. Ra4 Nc7 31. b4 Qd4 32. b5 a5
33. Rd1 Qc5 34. Qc3+ Kg8 35. Qd4 Qxd4 36. Rxd4 e5 37. Rxd6 exf4 38. b6 0-1

[Event "38th Olympiad"]
[Site "Dresden GER"]
[Date "2008.11.15"]
[Round "3"]
[White "Al Modiahki,M"]
[Black "Nakapunda,O"]
[Result "1-0"]
[WhiteElo "2559"]
[BlackElo "2083"]
[EventDate "2008.11.13"]

1. e4 e5 2. Nf3 Nf6 3. Nxe5 d6 4. Nf3 Nxe4 5. Nc3 Nf6 6. d4 d5 7. Bd3 Bg4
8. h3 Bh5 9. O-O Be7 10. Re1 O-O 11. Bg5 c6 12. Qe2 Bd6 13. g4 Bg6 14. Ne5
Re8 15. Qf3 Bxd3 16. cxd3 Re6 17. Re2 Nbd7 18. Rae1 Qc7 19. Bf4 Nf8 20. g5
N6d7 21. Bg3 Nb6 22. Qg4 Rae8 23. f4 R6e7 24. f5 Nbd7 25. f6 Re6 26. fxg7
Ng6 27. Nxf7 Rxe2 28. Nh6+ Kxg7 29. Nf5+ Kg8 30. Rxe2 Bxg3 31. Rxe8+ Kf7
32. Re2 Bd6 33. Nh6+ Kg7 34. Qe6 1-0

[Event "38th Olympiad"]
[Site "Dresden GER"]
[Date "2008.11.15"]
[Round "3"]
[White "Ermenkov,Evgenij"]
[Black "Arora,N"]
[Result "1-0"]
[WhiteElo "2465"]
[BlackElo "1887"]
[EventDate "2008.11.13"]

1. e4 e5 2. Bc4 Nf6 3. d3 Nc6 4. Nf3 Bc5 5. c3 d6 6. Bb3 O-O 7. O-O a6 8.
Nbd2 Ba7 9. h3 Ne7 10. Re1 Ng6 11. Nf1 h6 12. d4 c5 13. Ng3 b5 14. a4 c4
15. Bc2 Qc7 16. Be3 Re8 17. Qd2 Bd7 18. Red1 Red8 19. Nf5 Bxf5 20. exf5 Nf8
21. axb5 e4 22. Nh2 axb5 23. Ng4 Nxg4 24. hxg4 d5 25. Bf4 Qe7 26. Ra6 Qh4
27. Rda1 Rd7 28. Bd1 Qe7 29. f6 gxf6 30. Bxh6 Ng6 31. g3 Re8 32. Kg2 Bb8
33. Be2 Nf8 34. Bxf8 Qxf8 35. Rxf6 Rd6 36. Rf5 e3 37. fxe3 Rde6 38. Rxd5
Qg7 39. Rxb5 Bxg3 40. Kxg3 Rxe3+ 41. Bf3 Qf6 42. Rf5 Qh6 43. Qf2 R8e4 44.
Kg2 Rxf3 45. Qxf3 Qd2+ 46. Kg3 Re3 47. Ra8+ Kg7 48. Rxf7+ 1-0

[Event "38th Olympiad"]
[Site "Dresden GER"]
[Date "2008.11.15"]
[Round "3"]
[White "Moussa,A"]
[Black "Prasad,C FIJ"]
[Result "1/2-1/2"]
[WhiteElo "2223"]
[BlackElo "1888"]
[EventDate "2008.11.13"]

1. d4 Nf6 2. c4 g6 3. Nc3 Bg7 4. e4 d6 5. Be2 O-O 6. Bg5 c5 7. dxc5 Qa5 8.
Bd2 Qxc5 9. Nf3 Bg4 10. O-O Nbd7 11. Be3 Qc8 12. Rc1 Bxf3 13. Bxf3 Ne5 14.
Be2 Nxc4 15. Bg5 Qe6 16. Bxc4 Qxc4 17. Qf3 Qb4 18. Rc2 Rac8 19. h3 Rc6 20.
Rd1 Qa5 21. Bh4 Re8 22. Rcd2 Qh5 23. Qxh5 Nxh5 24. Nd5 Nf6 25. Nxf6+ Bxf6
26. Bxf6 exf6 27. f3 Rd8 28. Kf2 Kf8 29. Ke3 Ke7 30. g4 Ke6 31. Rd5 Rd7 32.
R1d2 Rc5 33. f4 Rxd5 34. Rxd5 Rc7 35. Rb5 b6 36. h4 Rc5 37. Rb4 h5 38. f5+
Ke5 39. fxg6 fxg6 40. gxh5 gxh5 41. Rd4 d5 42. exd5 Rxd5 43. Re4+ Kf5 44.
Rf4+ Ke6 45. Rb4 Ra5 46. a3 Rc5 47. a4 Re5+ 48. Kf4 Re1 49. Rb5 Rf1+ 50.
Ke4 f5+ 51. Ke3 Re1+ 52. Kf3 Rc1 53. b3 Rc5 54. Rb4 Ke5 55. Ke2 f4 56. Kf3
Rc3+ 57. Kf2 Kf5 58. a5 bxa5 59. Rb5+ Kg4 60. Rxa5 Rc2+ 61. Kf1 Rb2 62.
Rxa7 Rxb3 63. Rg7+ Kxh4 64. Kf2 Rg3 65. Rf7 Rg4 66. Kf3 Kg5 67. Rg7+ Kf5
68. Rf7+ Ke5 69. Re7+ Kf6 70. Rh7 Kg6 71. Rh8 Rh4 72. Rf8 1/2-1/2

[Event "38th Olympiad"]
[Site "Dresden GER"]
[Date "2008.11.15"]
[Round "3"]
[White "Kumar,M"]
[Black "Ihsan,J"]
[Result "1/2-1/2"]
[WhiteElo "2019"]
[BlackElo "2166"]
[EventDate "2008.11.13"]

1. d4 Nf6 2. Nf3 d6 3. Bf4 b6 4. c4 Bb7 5. Nc3 e6 6. e3 Be7 7. Bd3 O-O 8.
e4 Nbd7 9. O-O c5 10. d5 e5 11. Bd2 Re8 12. a3 Nf8 13. b4 Ng6 14. Re1 Bc8
15. h3 Nh5 16. Qc2 Ngf4 17. Bf1 Bf8 18. Kh2 Bd7 19. g3 Ng6 20. Bg2 Qc8 21.
b5 f5 22. a4 Be7 23. Qd1 Nf6 24. Ra2 Rf8 25. Bc1 fxe4 26. Ng5 Bf5 27. Ngxe4
Nxe4 28. Nxe4 Qc7 29. Be3 a6 30. Qb3 1/2-1/2

[Event "38th Olympiad"]
[Site "Dresden GER"]
[Date "2008.11.15"]
[Round "3"]
[White "Fancy,S"]
[Black "Grooten,H"]
[Result "0-1"]
[WhiteElo "2128"]
[BlackElo "2376"]
[EventDate "2008.11.13"]

1. a3 d5 2. g3 e5 3. Bg2 Nf6 4. d3 Be7 5. Nf3 Nbd7 6. b4 O-O 7. Bb2 Re8 8.
O-O Bd6 9. Nbd2 a5 10. bxa5 Rxa5 11. c4 d4 12. Nb3 Ra6 13. e3 c5 14. Qd2
Rb6 15. Qc2 Nb8 16. exd4 exd4 17. Rfe1 Bd7 18. Nfxd4 cxd4 19. Bxd4 Rxe1+
20. Rxe1 Ra6 21. c5 Qc8 22. Bxf6 gxf6 23. Qb2 Bf8 24. d4 Nc6 25. Nd2 f5 26.
Bd5 Be6 27. Bc4 Bxc4 28. Nxc4 Qd7 29. Nd6 Bxd6 30. cxd6 Ra5 31. Qd2 Qxd6
32. Re8+ Kg7 33. Qb2 Nxd4 34. Qxb7 Rxa3 35. Re7 Ra1+ 36. Kg2 Qc6+ 37. Qxc6
Nxc6 38. Rc7 Ne5 39. Rc5 Kf6 40. Rc2 Ra6 41. Rb2 f4 42. gxf4 Nd3 43. Rd2
Ra3 44. f3 Kf5 45. Kg3 f6 46. Rc2 Ra7 47. Rc8 Rg7+ 48. Kh3 Kxf4 0-1

[Event "38th Olympiad"]
[Site "Dresden GER"]
[Date "2008.11.15"]
[Round "3"]
[White "Dekker,Marv"]
[Black "Press,S"]
[Result "0-1"]
[WhiteElo "2130"]
[BlackElo "2090"]
[EventDate "2008.11.13"]

1. Nh3 d5 2. g3 c5 3. Bg2 Nc6 4. O-O Nf6 5. c4 e6 6. cxd5 exd5 7. d3 Be7 8.
Bg5 h6 9. Bxf6 Bxf6 10. Nc3 Bxc3 11. bxc3 O-O 12. Nf4 d4 13. Rc1 g5 14. Nd5
Be6 15. c4 Rb8 16. f4 f6 17. e4 dxe3 18. fxg5 hxg5 19. Qh5 Kg7 20. Be4 f5
21. Nxe3 fxe4 22. Rxf8 Qxf8 23. Rf1 Qe8 24. Qxg5+ Qg6 25. Qxc5 exd3 26.
Nf5+ Bxf5 27. Rxf5 d2 28. Rd5 Qb1+ 29. Kg2 d1=Q 30. Rxd1 Qxd1 31. Qg5+ Kf7
32. Qf5+ Ke7 33. Qh7+ Kd6 34. Qh6+ Kc7 35. Qf4+ Qd6 36. Qf7+ Ne7 37. h4
Qc6+ 38. Kh3 Qe4 39. h5 Rg8 0-1

[Event "38th Olympiad"]
[Site "Dresden GER"]
[Date "2008.11.15"]
[Round "3"]
[White "Jones,Ru"]
[Black "Mensing,F"]
[Result "1/2-1/2"]
[WhiteElo "1966"]
[BlackElo "2119"]
[EventDate "2008.11.13"]

1. e4 e5 2. Nf3 Nc6 3. Bb5 a6 4. Ba4 Nf6 5. d4 exd4 6. e5 Ne4 7. O-O Nc5 8.
Bb3 Nxb3 9. axb3 Be7 10. Re1 O-O 11. Nxd4 Nxd4 12. Qxd4 d6 13. Nc3 dxe5 14.
Qxe5 Bd6 15. Qh5 Bd7 16. Bg5 f6 17. Be3 Bc6 18. Rad1 Qe8 19. Qf5 Qe5 20.
Qh3 Rfe8 21. Bd2 Qd4 22. Be3 Qe5 23. Bd2 Qd4 24. Be3 Qe5 25. Bd2 Qd4 26.
Be3 Qe5 27. Bd2 Qd4 28. Be3 Qe5 29. Bd2 Qd4 30. Be3 Qe5 1/2-1/2

[Event "38th Olympiad"]
[Site "Dresden GER"]
[Date "2008.11.15"]
[Round "3"]
[White "Hernandez,Ju HON"]
[Black "Magana,B"]
[Result "1/2-1/2"]
[WhiteElo "2015"]
[BlackElo "2141"]
[EventDate "2008.11.13"]

1. e4 e5 2. Nf3 Nc6 3. Bb5 a6 4. Ba4 Nf6 5. O-O Be7 6. Re1 b5 7. Bb3 O-O 8.
c3 d5 9. exd5 Nxd5 10. Nxe5 Nxe5 11. Rxe5 c6 12. Bxd5 cxd5 13. d4 Bd6 14.
Re1 Qh4 15. g3 Qh3 16. Be3 Bg4 17. Qd3 f5 18. f4 Rfe8 19. Nd2 Re7 20. Qf1
Qxf1+ 21. Kxf1 Rc8 22. Kf2 b4 23. Rac1 Rec7 24. Nb1 Kf7 25. cxb4 Bxb4 26.
Rxc7+ Rxc7 27. Rc1 Rxc1 28. Bxc1 Bd1 29. Ke3 Bc2 30. Nd2 Bxd2+ 31. Kxd2 Bb1
32. a3 Ke6 33. Kc3 Kd6 34. Kb4 Kc6 35. Ka5 Bd3 36. a4 Bf1 37. Bd2 Be2 38.
Bb4 Bf1 39. Bc5 Be2 40. Kb4 Bf1 41. Ka3 Be2 42. b4 g6 43. b5+ axb5 44. a5
Kb7 45. Kb4 Ka6 46. Bb6 Bf3 47. Bc7 Be4 48. Kc5 Bf3 49. Bd8 Be4 50. h3 h5
51. h4 1/2-1/2

[Event "38th Olympiad"]
[Site "Dresden GER"]
[Date "2008.11.15"]
[Round "3"]
[White "Andolo,H"]
[Black "Medina,Ri"]
[Result "1-0"]
[WhiteElo "2139"]
[BlackElo "2052"]
[EventDate "2008.11.13"]

1. e4 e5 2. Nf3 Nc6 3. Bb5 a6 4. Ba4 Nf6 5. O-O b5 6. Bb3 Bc5 7. c3 Bb6 8.
Re1 d6 9. h3 Bb7 10. d4 h6 11. a4 bxa4 12. Rxa4 O-O 13. Nbd2 Qe7 14. Nc4
Ba7 15. Ne3 exd4 16. Nd5 Nxd5 17. exd5 Ne5 18. Nxe5 dxe5 19. cxd4 Qf6 20.
dxe5 Qxf2+ 21. Kh1 Rad8 22. Rf1 Qc5 23. Qg4 Kh8 24. Bxh6 gxh6 25. Qh5 Qe3
26. Raf4 Rd6 27. exd6 Qd3 28. Rf6 Be3 29. Rxh6+ Bxh6 30. Qxh6+ Kg8 31. Rf3
Qb1+ 32. Kh2 f6 33. Qf4 1-0

[Event "38th Olympiad"]
[Site "Dresden GER"]
[Date "2008.11.15"]
[Round "3"]
[White "Aristotelous,V"]
[Black "Lin Chung Yu Lee"]
[Result "0-1"]
[WhiteElo "1920"]
[BlackElo "1674"]
[EventDate "2008.11.13"]

1. e4 c5 2. Nc3 d6 3. f4 Nf6 4. Nf3 e6 5. Bb5+ Nbd7 6. O-O a6 7. Bxd7+ Bxd7
8. d3 Be7 9. e5 Ng4 10. h3 Nh6 11. exd6 Bxd6 12. Ne4 Bc6 13. g4 O-O 14. Be3
Qc7 15. Qd2 Rad8 16. Nxd6 Qxd6 17. Ne5 Rc8 18. Nxc6 Rxc6 19. Qg2 f5 20.
Rae1 fxg4 21. hxg4 Qd5 22. Qxd5 exd5 23. g5 Nf5 24. Kg2 d4 25. Bd2 Kf7 26.
Re5 Kg6 27. Rfe1 Rfc8 28. b3 b5 29. Kf3 c4 30. Ke4 cxd3 31. Rxf5 Rxc2 32.
Rd1 Rxa2 33. Rd5 Rb2 34. Kxd3 Rxb3+ 35. Kxd4 Rc2 36. Rd6+ Kf5 37. Rxa6 Rc4+
38. Kd5 Rd3+ 0-1

[Event "38th Olympiad"]
[Site "Dresden GER"]
[Date "2008.11.15"]
[Round "3"]
[White "Yueh Wei Po"]
[Black "Constantinou,Pa"]
[Result "1-0"]
[WhiteElo "1920"]
[BlackElo "2093"]
[EventDate "2008.11.13"]

1. d4 Nf6 2. c4 e6 3. Nc3 Bb4 4. Qc2 O-O 5. a3 Bxc3+ 6. Qxc3 b6 7. Bg5 Bb7
8. Nf3 d6 9. e3 Nbd7 10. Bd3 c5 11. O-O Rc8 12. Qb3 Re8 13. Rfd1 cxd4 14.
exd4 Qc7 15. Rac1 e5 16. dxe5 dxe5 17. Bf5 Nc5 18. Qe3 Nfd7 19. b4 Ne6 20.
Be4 Nxg5 21. Nxg5 h6 22. Bxb7 Qxb7 23. Ne4 Re6 24. Nd6 Qc7 25. Nxc8 Qxc8
26. h3 Rg6 27. Kh1 Qc6 28. f3 f5 29. Qd3 Nf6 30. Qxf5 Rg5 31. Rd8+ Kf7 32.
Qd3 e4 33. fxe4 Kg6 34. e5+ Kf7 35. Qf3 Qc7 36. Rcd1 Qxe5 37. R8d7+ Kg6 38.
Qd3+ Kh5 39. Qf3+ Kg6 40. Qd3+ Kh5 41. Rxa7 Ne4 42. Qf3+ Kg6 43. Rxg7+ Kxg7
44. Rd7+ 1-0

[Event "38th Olympiad"]
[Site "Dresden GER"]
[Date "2008.11.15"]
[Round "3"]
[White "Klerides,P"]
[Black "Chen Yan Fong"]
[Result "1-0"]
[WhiteElo "2212"]
[BlackElo "1865"]
[EventDate "2008.11.13"]

1. Nf3 Nf6 2. g3 g6 3. Bg2 Bg7 4. O-O O-O 5. d4 d5 6. Re1 Re8 7. Bf4 Bf5 8.
Nh4 Bd7 9. Nc3 Bc6 10. Qd2 Nbd7 11. Rad1 Nb6 12. b3 Qd7 13. a4 a5 14. Nf3
e6 15. Ne5 Qe7 16. e4 Rad8 17. Nxc6 bxc6 18. e5 Nfd7 19. Bh3 Rb8 20. Ne2
Ra8 21. Bg5 Qf8 22. Bg2 Reb8 23. h4 h5 24. Nf4 Nc8 25. Bh3 Qe8 26. g4 hxg4
27. Bxg4 c5 28. h5 Rb6 29. hxg6 cxd4 30. Nh5 Qf8 31. Nf6+ Nxf6 32. exf6 Bh8
33. Bh6 Qd8 34. gxf7+ Kh7 35. f8=Q Qxf6 36. Qd3+ Qg6 37. Qf7+ Bg7 38. Qxg7+
1-0

[Event "38th Olympiad"]
[Site "Dresden GER"]
[Date "2008.11.15"]
[Round "3"]
[White "Ho Men Wei"]
[Black "Antoniou,A"]
[Result "0-1"]
[WhiteElo "1550"]
[BlackElo "2177"]
[EventDate "2008.11.13"]

1. e4 c6 2. d4 d6 3. Nf3 Nf6 4. Nc3 Qc7 5. Bf4 Nbd7 6. e5 dxe5 7. Nxe5 Nxe5
8. Bxe5 Qb6 9. Rb1 Be6 10. Be2 Nd7 11. Bf4 g6 12. O-O Rd8 13. Be3 Qc7 14.
Bd3 Bg7 15. Qe2 Nf6 16. Rbd1 O-O 17. Ne4 Ng4 18. Ng3 Bxd4 19. Bxd4 Rxd4 20.
h3 Ne5 21. Qe3 Rfd8 22. Ne2 Ra4 23. a3 Nxd3 24. Rxd3 Rxd3 25. Qxd3 Bc4 26.
Qe3 Bxe2 27. Qxe2 Rd4 28. Re1 e6 29. Qe3 c5 30. Qc3 b6 31. Qe3 Qf4 32. Qxf4
Rxf4 33. Rd1 Rd4 34. Rxd4 cxd4 35. Kf1 Kg7 36. Ke2 Kf6 37. Kd3 Ke5 38. Kc4
f5 39. Kd3 Kd5 40. f4 e5 41. fxe5 Kxe5 42. g3 g5 43. c3 dxc3 44. bxc3 b5
45. Ke3 Kd5 46. Kd3 h6 47. Kd2 Ke4 48. Ke2 a6 49. h4 a5 50. h5 a4 51. Kd2
Kf3 52. Kd3 Kxg3 53. Kd4 f4 54. Kc5 f3 55. Kxb5 f2 56. Kxa4 f1=Q 57. Kb4
Kf4 58. a4 g4 59. c4 g3 60. c5 g2 61. a5 g1=Q 62. c6 Qd4+ 63. Kb3 Qfd1+ 64.
Ka3 Q1a4+ 0-1

[Event "38th Olympiad"]
[Site "Dresden GER"]
[Date "2008.11.15"]
[Round "3"]
[White "Meier,K"]
[Black "Warner,De"]
[Result "0-1"]
[WhiteElo "2037"]
[BlackElo "2226"]
[EventDate "2008.11.13"]

1. e4 e6 2. d4 d5 3. Nd2 c5 4. exd5 Qxd5 5. Ngf3 cxd4 6. Bc4 Qd6 7. O-O Nf6
8. Nb3 Nc6 9. Nbxd4 Nxd4 10. Nxd4 a6 11. c3 Qc7 12. Qa4+ Bd7 13. Bb5 Bd6
14. Bxd7+ Nxd7 15. Nf3 O-O-O 16. Be3 Nc5 17. Bxc5 Bxc5 18. b4 Bb6 19. c4
Qf4 20. c5 Bc7 21. Rad1 g5 22. c6 g4 23. cxb7+ Kxb7 24. Rc1 gxf3 25. Qc6+
Kb8 26. g3 Qd6 27. Qxf3 Qd5 28. Qxf7 Rd7 29. Qf6 Be5 30. Qh6 Bd4 31. a4 Rf7
32. Rc2 Qe4 33. Qd2 Rhf8 34. Qd1 Qd5 35. Qb1 h5 36. Qa2 Qd6 37. b5 h4 38.
Rc6 Bxf2+ 39. Kg2 h3+ 40. Kxh3 Rh7+ 41. Kg2 Rxh2+ 0-1

[Event "38th Olympiad"]
[Site "Dresden GER"]
[Date "2008.11.15"]
[Round "3"]
[White "Murara,M"]
[Black "Rowe,P"]
[Result "0-1"]
[WhiteElo "1682"]
[BlackElo "2053"]
[EventDate "2008.11.13"]

1. e4 d6 2. d4 Nf6 3. Bd3 e5 4. d5 Be7 5. f4 exf4 6. Bxf4 Nbd7 7. Nf3 O-O
8. O-O Ng4 9. Nd4 Nge5 10. Nf5 Bg5 11. Nc3 Bxf4 12. Rxf4 Ng6 13. Rf3 Nde5
14. Rh3 Bxf5 15. exf5 Nf4 16. Rg3 Qf6 17. Ne4 Qxf5 18. Rg5 Nh3+ 19. gxh3
Nf3+ 20. Kh1 Nxg5 21. Qh5 Qf3+ 22. Qxf3 Nxf3 23. Ng3 g6 24. Be4 Ne5 25. Rg1
Kh8 26. c3 f5 27. Bc2 Rae8 28. h4 Nf3 29. Rf1 Re1 30. Rxe1 Nxe1 31. Ba4 Kg7
32. Bd1 Nd3 33. Kg2 Nxb2 34. Bc2 Nc4 35. Kf2 Re8 36. h5 Ne3 37. Ba4 Re5 38.
Bd7 Nxd5 39. c4 Nb6 0-1

[Event "38th Olympiad"]
[Site "Dresden GER"]
[Date "2008.11.15"]
[Round "3"]
[White "Kabera,G"]
[Black "Ozanne,M2"]
[Result "1-0"]
[WhiteElo "1949"]
[BlackElo "2042"]
[EventDate "2008.11.13"]

1. e4 c5 2. d4 cxd4 3. Qxd4 Nc6 4. Qd1 Nf6 5. Nc3 d6 6. Nf3 g6 7. Bc4 Bg7
8. h3 O-O 9. O-O a6 10. a4 Bd7 11. Be3 Rc8 12. Ba2 Nb4 13. Bb3 Nc6 14. Nd2
Na5 15. Ba2 b5 16. axb5 axb5 17. Qe2 b4 18. Nd5 Nxd5 19. Bxd5 e6 20. Bb3
Bxb2 21. Rab1 Bg7 22. Qd3 Qc7 23. Bf4 e5 24. Bg5 Nxb3 25. cxb3 Be6 26. Rfd1
f6 27. Be3 Rfd8 28. Qb5 Rb8 29. Qa6 Ra8 30. Qb5 Rab8 31. Qe2 d5 32. Rdc1
Qb7 33. exd5 Bxd5 34. f3 f5 35. Ra1 Ra8 36. Rxa8 Rxa8 37. Rc5 Ra1+ 38. Kh2
Bf8 39. Rb5 Qc6 40. Qd3 Bf7 41. Rb8 Qc7 42. Qb5 Ra5 43. Qxb4 e4+ 44. f4 Rc5
45. Bxc5 Qxf4+ 46. Kh1 1-0